004640000a2200073000450024500500000030000520005052002390010277300490034110aImpacto del crédito ACCES en la deserción aVol.0, núm.7 (Diciembre, 2006), Páginas 7-8 aEntre 2003 y agosto de 2006, el ICETEX habia legalizado 149.517 préstamos educativos para educación superior, de estos, 79.408 corresponden al crédito ACCES, proyecto creado para apoyar estudiantes con dificultades económicas.0 tEducación superior : Boletín informativo